[Event "Treviso op-C 4th"]
[Site "Treviso"]
[Date "2023.03.31"]
[Round "1"]
[White "Huang, Andy1111"]
[Black "Lettera, Fabio"]
[Result "1-0"]
[WhiteElo "999"]
[BlackElo "1094"]
[PlyCount "55"]
[EventDate "2023.03.31"]
[EventType "swiss"]
[EventRounds "5"]
[EventCountry "ITA"]
[SourceTitle "EXT 2024"]
[Source "ChessBase"]
[SourceDate "2023.10.10"]
[SourceVersion "1"]
[SourceVersionDate "2023.10.10"]
[SourceQuality "1"]

1. d4 d5 2. g3 Nf6 3. Bg2 Bf5 4. Nf3 e6 5. 0-0 Bd6 6. c4 c6 7. Qb3 b6 8. Nc3 0-0 9. Nh4 Bg4 10. cxd5 cxd5 11. f3 Bh5 12. e4 Be7 13. exd5 exd5 14. Nf5 Nc6 15. f4 Bg6 16. Nxe7+ Nxe7 17. Bd2 Bd3 18. Nxd5 Bxf1 19. Nxe7+ Kh8 20. Bxa8 Qxa8 21. Rxf1 Qd8 22. Nc6 Qd7 23. Rc1 Qe8 24. Ne5 Qd8 25. Qc4 Ne4 26. Be3 Nd6 27. Qc7 Qf6 28. Nd7 1-0